header

Introduction to engineering statistics (Record no. 62835)

MARC details
000 -LEADER
fixed length control field 01162nam a2200301Ia 4500
082 04 - DEWEY DECIMAL CLASSIFICATION NUMBER
Classification number 620.0072/7
100 1# - MAIN ENTRY--AUTHOR NAME
Personal name Morrison, S. J.
245 10 - TITLE STATEMENT
Title Introduction to engineering statistics
260 ## - PUBLICATION, DISTRIBUTION, ETC. (IMPRINT)
Place of publication Chichester, West Sussex, U.K. ;
-- Hoboken, NJ :
Name of publisher Wiley,
Year of publication c2009.
300 ## - PHYSICAL DESCRIPTION
Number of Pages xii, 177 p.
650 #0 - SUBJECT ADDED ENTRY--TOPICAL TERM
Topical Term Engineering
Topical Term Engineering mathematics.
856 40 - ELECTRONIC LOCATION AND ACCESS
Uniform Resource Identifier http://site.ebrary.com/lib/rucke/Doc?id=10313713

No items available.

© 2026 Rongo University
Contact us: librarian | system librarian | Rongo university